| 000 | 00590nam a22001337a 4500 | ||
|---|---|---|---|
| 040 | _cRUA | ||
| 082 | _aAGR HAN 2017 B633 Or.1 | ||
| 100 | _aHANG SOKRITH ហង សុខរិទ្ធ | ||
| 245 | _aeffect of different plant spacing of rice sen pidor ឥទ្ធពលនៃចន្លោះគម្អផ្សេងៗគ្នានៅលើដំណាំស្រូវសែនពិដោរ | ||
| 260 |
_aphnom penh _bRUA _c2017 |
||
| 300 |
_aix;29p _bill; _c29cm |
||
| 856 | _uhttps://drive.google.com/file/d/1W33YNVCsPqxYemibACT-6yoKvDoKNwDS/view?usp=sharing | ||
| 942 | _cAGR | ||
| 999 |
_c17920 _d17920 |
||